International Conference on Opportunities and Advances in International Power Generation, 18-20 March 1996, venue, Treveylan College University of Durhame : organized by The Power Division and North Eastern Centre of the Institution of Electrical Engineers and the Institution of Mechanical Engineers in association with the Institution of Nuclear Engineers, Northern Engineering Centre, Institute of Energy.

Bibliographic Details
Corporate Author: хThe иInstitution of Electrical Engineers
Format: Book
Language:English
Published: London : Insitution of Electrical Engineers, c1996
Series:Conference publication
Subjects:
LEADER 01466nam a2200253 a 4500
001 GR-Patra19479
008 060523s1996 enk g b 1|| 0|eng d
020 |a 0852966555 
040 |a GrPaTEI  |b gre  |c GR-PaULI 
040 |a GrPaTEI  |b gre  |c GR-PaULI 
082 0 |a 621.3121  |2 21 
110 2 |a хThe иInstitution of Electrical Engineers 
245 1 0 |a International Conference on Opportunities and Advances in International Power Generation, 18-20 March 1996, venue, Treveylan College University of Durhame :  |b organized by The Power Division and North Eastern Centre of the Institution of Electrical Engineers and the Institution of Mechanical Engineers in association with the Institution of Nuclear Engineers, Northern Engineering Centre, Institute of Energy. 
260 |a London :  |b Insitution of Electrical Engineers,  |c c1996 
300 |a viii, 193σ. 
490 1 |a Conference publication (Institution of Electrical Engineers). 419/ 
504 |a Περιλαμβάνει βιβλιογραφικές παραπομπές 
650 0 |a Elecric power production  |v Congresses 
710 0 |a хThe иInstitution of Electrical Engineers 
830 0 |1 00116390  |1 2001   |a Conference publication 
942 |2 ddc 
952 |0 0  |1 0  |2 ddc  |4 0  |6 621_312100000000000_INS  |7 0  |9 299811  |a LISK  |b LISK  |c BSC  |d 2021-01-17  |e 24  |f 0  |g 0.00  |l 0  |o 621.3121 INS  |p 92410017280  |r 2021-01-17 00:00:00  |t 1  |w 2021-01-17  |y BK15  |x 20060523 0 1  |x GrPaTEI 
971 |a .b26669948  |b 15-04-20  |c 23-09-16 
999 |c 174324  |d 174324